000 00772 a2200205 4500
999 _c9201
_d9201
020 _a9781137335968 (hardback : alk. paper)
020 _a9781137335999 (pbk. : alk. paper)
050 0 0 _aJC571.28 O'BY 2016
100 1 _aO'Byrne, Darren J.
_eauthor
245 1 0 _aHuman rights in a globalizing world /
_cDarren J O'Byrne.
264 1 _aLondon ;
_aNew York, NY :
_bPalgrave Macmillan,
_c2016.
300 _axiv, 175 pages ;
500 _aIncludes index
504 _aIncludes bibliographical references (pages 164-172)
650 0 _aHuman rights.
650 0 _aGlobalization.
650 0 _aWorld politics.
942 _2lcc
_cBK
_h571.28
_iO'BY
_kJC